| 000 | 01403nam a22003017a 4500 | ||
|---|---|---|---|
| 005 | 20120228124339.0 | ||
| 008 | 120228t xxu||||| |||| 00| 0 eng d | ||
| 010 | _aENG-104826 | ||
| 020 |
_a9788189738198 _c2000.00 |
||
| 035 | _aEN-88359 | ||
| 037 | _bDBAD/PUB | ||
| 040 |
_aDPL _bEng |
||
| 082 | _a294.3657092 | ||
| 100 |
_aSharma, Nirmala _943139 _d1958- |
||
| 245 |
_aKumārajīva : _cby Nirmala Sharma ; with contributions by Daisaku Ikeda [and] Johannes Nobel ; edited & foreworded by Lokesh Chandra _bthe transcreator of Buddhist Chinese diction / |
||
| 260 |
_aNew Delhi _bNiyogi Books _c2011 |
||
| 270 |
_aD-78, Okhla Industrial Area, Phase-I _bNew Delhi _e110020 |
||
| 300 |
_a180 p. : _c29cm(Hb) _bill. (chiefly col.), col. map |
||
| 500 | _ancludes bibliographical references (p. [136]-145) and index. | ||
| 546 | _aIncludes Chinese text of The life of Kumārajīva compiled by Hui-chiao; with English translation. | ||
| 600 |
_aKumārajīva, _dd. 412? _943145 |
||
| 650 |
_aBuddhist monks _zChina _943148 _v Biography. |
||
| 651 |
_aIndia _x Description and travel. _943146 |
||
| 651 |
_aIndia _xKings and rulers. _943147 |
||
| 700 |
_aLokesh Chandra _943140 |
||
| 942 |
_2ddc _cEN _h294.3657092 _mSHA |
||
| 999 |
_c63560 _d63560 |
||